000 00493cam a22001812 4500
001 0000008356
005 20151217160116.0
008 080315s xx 000 0 eng d
020 _a0521637422 :
_cKES 700
040 _aKABU
_cKABU
100 1 _aDean Jan.
_@0000158917
245 1 0 _aHarry and the megabyte brain /
_cJan Dean.
260 _aCambridge :
_bC. U. P.,
_c1998.
300 _a32 p.
908 _a080315
950 _@1
999 _c14380
_d14380